Relaciones de las culturas castellana y catalana : encuentro de intelectuales : Sitges, 20-22 diciembre 1981 / [Coordinador: Jordi Maragall] encuentro de intelectuales :
Descripción Física:
196 p. ; 23 cm
Colección:
Col·lecció textos i documents ; 1
Otros Autores:
Maragall, Jordi, 1911-1999
MARC
| LEADER | 00000nam a2200000Ia 4500 | ||
|---|---|---|---|
| 001 | 1133 | ||
| 008 | 160829s1983 xx 000 0 cat d | ||
| 080 | |a M-3-242 | ||
| 100 | |a Relaciones de las Cultruas Castellana y Catalana (1981 : Sitges) |9 33296 | ||
| 245 | |a Relaciones de las culturas castellana y catalana : |b encuentro de intelectuales : |b Sitges, 20-22 diciembre 1981 / [Coordinador: |b Jordi Maragall] | ||
| 260 | |a Barcelona : |b Servei Central de Publicacions de la Presidència, |c 1983 | ||
| 300 | |a 196 p. ; |c 23 cm | ||
| 490 | |a Col·lecció textos i documents ; 1 | ||
| 650 | |a Cultura catalana |x Congressos |9 33297 | ||
| 650 | |a Cultura castellana |x Congressos |9 33298 | ||
| 700 | |a Maragall, Jordi, |d 1911-1999 |e coordinador |9 42811 | ||
| 901 | |a Arxiu | ||
| 942 | |n 1 |2 udc | ||
| 952 | |0 0 |1 0 |4 0 |6 M3242 |7 1 |9 46259 |a Arxiu |b Arxiu |d 2016-12-01 |l 0 |o M-3-242 |p 1133 |r 2016-12-01 00:00:00 |w 2016-12-01 |y ARXIU | ||
| 999 | |c 49761 |d 49761 | ||